00996nam a2200193 i 4500001000700000003000900007005001700016008004100033040002000074100003700094245026800131260006200399300005300461599004400514650005000558852004900608999001900657952012600676152303ES-MaACL20230906204630.0051014s1867 fr ac | |||||||| ||fre d aCAM bspa cCAM1 aBoisduval, Jean-Alphonse.92986010aEssai sur l'entomologie horticole b: comprenant l'histoire des insectes nuisibles a l'horticulture avec l'indication des moyens propres a les éloigner ou a les détruire et l'histoire des insectes et autres animaux utiles aux cultures / cpar le Dr Boisduval. aParis : bLibrairie d'Horticulture de E. Donnaud, c1867. aXVI, 648 p., [1] h. de lám. : bil. ; c21 cm. aLa h. de lám. lit. retrato del autor. 4aInsectos nocivos para la agricultura.9136298 aES-MaACLjC-12028 z-- Enc. pasta española c152303d152303 001040708LIBXIXaATENEOMbATENEOMcSPALd2008-01-17eSSCl0oC-12028p1159017r2023-02-23 00:00:00w2023-02-23yMONANT